[Event "DSJ Weihnachtsturnier U16: Lasker 2020"]
[Site ""]
[Date "2020.12.28"]
[Round "4"]
[White "Borgstädt, Leif Jona"]
[Black "Rudolph, Eva"]
[Result "0-1"]
[Termination "normal"]
[Board "8.2"]
[WhiteElo "1376"]
[BlackElo "1860"]
[WhiteTeam "Bielefelder Schachklub von 1883"]
[BlackTeam "Düsseldorfer Schachklub 14/25"]
[PlyCount "172"]
[WhiteFideId "16266153"]
[BlackFideId "16200594"]
[EventRounds "7"]
[EventType "team-swiss"]
[EventDate "2020.12.28"]

1. d4 {[%emt 0:00:04]} d5 {[%emt 0:00:02]} 2. c4 {[%emt 0:00:03]} e5 {[%emt
0:00:03]} 3. dxe5 {[%emt 0:00:16]} d4 {[%emt 0:00:03]} 4. Nf3 {[%emt 0:00:03]}
Nc6 {[%emt 0:00:05]} 5. e3 {[%emt 0:00:06]} Bb4+ {[%emt 0:00:07]} 6. Bd2 {
[%emt 0:00:12]} dxe3 {[%emt 0:00:28]} 7. fxe3 {[%emt 0:00:12]} Bf5 {[%emt
0:01:16]} 8. Nc3 {[%emt 0:00:11]} Nge7 {[%emt 0:00:32]} 9. a3 {[%emt 0:00:11]}
Bxc3 {[%emt 0:00:38]} 10. Bxc3 {[%emt 0:00:04]} O-O {[%emt 0:00:03]} 11. Be2 {
[%emt 0:00:23]} Ng6 {[%emt 0:00:13]} 12. O-O {[%emt 0:00:09]} Be4 {[%emt
0:00:26]} 13. Nd4 {[%emt 0:00:34]} Ngxe5 {[%emt 0:00:13]} 14. Nf5 {[%emt
0:00:36]} Re8 {[%emt 0:00:41]} 15. Rf4 {[%emt 0:01:00]} Ng6 {[%emt 0:00:36]}
16. Rf1 { [%emt 0:00:23]} Nge5 {[%emt 0:00:08]} 17. Rf4 {[%emt 0:00:22]} Ng6
{[%emt 0:00:02]} 18. Rf2 {[%emt 0:00:40]} Nce5 {[%emt 0:00:21]} 19. Bh5 {[%emt
0:00:16]} Qg5 {[%emt 0:00:12]} 20. Bxg6 {[%emt 0:00:32]} hxg6 {[%emt 0:00:02]}
21. Ng3 { [%emt 0:00:14]} Bc6 {[%emt 0:00:36]} 22. Bxe5 {[%emt 0:00:59]} Qxe5
{[%emt 0:00:11]} 23. e4 {[%emt 0:00:06]} Rad8 {[%emt 0:00:23]} 24. Qf3 {[%emt
0:00:14]} Rd7 {[%emt 0:00:23]} 25. Raf1 {[%emt 0:00:25]} Qe6 {[%emt 0:00:47]}
26. b3 { [%emt 0:00:11]} Bxe4 {[%emt 0:00:27]} 27. Nxe4 {[%emt 0:00:12]} Qxe4
{[%emt 0:00:02]} 28. Qxe4 {[%emt 0:00:06]} Rxe4 {[%emt 0:00:02]} 29. Rf3 {[%emt
0:00:03] } f6 {[%emt 0:00:04]} 30. h3 {[%emt 0:00:03]} Kf7 {[%emt 0:00:02]} 31.
g4 { [%emt 0:00:09]} Red4 {[%emt 0:00:05]} 32. g5 {[%emt 0:00:12]} f5 {[%emt
0:00:02]} 33. Rc3 {[%emt 0:00:12]} Rd3 {[%emt 0:00:05]} 34. Rf3 {[%emt
0:00:04]} Rxc3 {[%emt 0:00:02]} 35. Rxc3 {[%emt 0:00:02]} Rd1+ {[%emt 0:00:03]}
36. Kg2 { [%emt 0:00:02]} Ra1 {[%emt 0:00:02]} 37. a4 {[%emt 0:00:04]} Rd1
{[%emt 0:00:04]} 38. Rf3 {[%emt 0:00:19]} Re1 {[%emt 0:00:03]} 39. Kf2 {[%emt
0:00:04]} Re4 {[%emt 0:00:02]} 40. Kg3 {[%emt 0:00:07]} Ke6 {[%emt 0:00:02]}
41. Rd3 { [%emt 0:00:04]} c5 {[%emt 0:00:13]} 42. Kf3 {[%emt 0:00:06]} Rd4
{[%emt 0:00:08]} 43. Re3+ {[%emt 0:00:13]} Kd7 {[%emt 0:00:06]} 44. Ke2 {[%emt
0:00:06]} b6 {[%emt 0:00:22]} 45. Kf3 {[%emt 0:00:09]} Kd6 {[%emt 0:00:04]} 46.
Kg3 { [%emt 0:00:17]} Re4 {[%emt 0:00:07]} 47. Rd3+ {[%emt 0:00:04]} Rd4 {[%emt
0:00:02]} 48. Rc3 {[%emt 0:00:05]} Ke5 {[%emt 0:00:04]} 49. Kf3 {[%emt
0:00:03]} Rf4+ {[%emt 0:00:05]} 50. Kg3 {[%emt 0:00:02]} Re4 {[%emt 0:00:05]}
51. Kf3 { [%emt 0:00:02]} f4 {[%emt 0:00:08]} 52. Kf2 {[%emt 0:00:06]} Kf5
{[%emt 0:00:04]} 53. h4 {[%emt 0:00:03]} Kg4 {[%emt 0:00:03]} 54. Kg2 {[%emt
0:00:05]} Kxh4 {[%emt 0:00:03]} 55. Kf3 {[%emt 0:00:03]} Re3+ {[%emt 0:00:05]}
56. Rxe3 { [%emt 0:00:01]} fxe3 {[%emt 0:00:01]} 57. Kxe3 {[%emt 0:00:01]} Kxg5
{[%emt 0:00:01]} 58. Kf3 {[%emt 0:00:03]} Kf5 {[%emt 0:00:01]} 59. Kg3 {[%emt
0:00:04]} g5 {[%emt 0:00:03]} 60. Kf3 {[%emt 0:00:02]} g4+ {[%emt 0:00:01]} 61.
Kg3 { [%emt 0:00:02]} g5 {[%emt 0:00:01]} 62. Kf2 {[%emt 0:00:02]} Kf4 {[%emt
0:00:01]} 63. Kg2 {[%emt 0:00:04]} g3 {[%emt 0:00:01]} 64. Kg1 {[%emt 0:00:01]}
Kf3 {[%emt 0:00:02]} 65. Kf1 {[%emt 0:00:01]} g4 {[%emt 0:00:02]} 66. Kg1
{[%emt 0:00:07]} Ke3 {[%emt 0:00:01]} 67. Kg2 {[%emt 0:00:02]} Kd3 {[%emt
0:00:01]} 68. Kxg3 {[%emt 0:00:01]} Kc3 {[%emt 0:00:01]} 69. Kxg4 {[%emt
0:00:01]} Kxb3 { [%emt 0:00:01]} 70. Kf3 {[%emt 0:00:01]} Kxc4 {[%emt 0:00:01]}
71. Ke3 { [%emt 0:00:01]} Kb4 {[%emt 0:00:00]} 72. Kd3 {[%emt 0:00:03]} Kxa4
{[%emt 0:00:00]} 73. Kc4 {[%emt 0:00:01]} a5 {[%emt 0:00:09]} 74. Kc3 {[%emt
0:00:03]} b5 { [%emt 0:00:02]} 75. Kb2 {[%emt 0:00:01]} Kb4 {[%emt 0:00:01]}
76. Ka2 {[%emt 0:00:01]} c4 {[%emt 0:00:01]} 77. Kb2 {[%emt 0:00:01]} c3+
{[%emt 0:00:01]} 78. Kb1 {[%emt 0:00:02]} Kb3 {[%emt 0:00:02]} 79. Ka1 {[%emt
0:00:12]} a4 {[%emt 0:00:03]} 80. Kb1 {[%emt 0:00:02]} Kc4 {[%emt 0:00:01]} 81.
Kc2 {[%emt 0:00:02]} b4 {[%emt 0:00:01]} 82. Kb1 {[%emt 0:00:01]} Kd3 {[%emt
0:00:01]} 83. Ka2 { [%emt 0:00:02]} c2 {[%emt 0:00:04]} 84. Kb2 {[%emt
0:00:06]} Kd2 {[%emt 0:00:02]} 85. Ka2 {[%emt 0:00:02]} b3+ {[%emt 0:00:04]}
86. Kb2 {[%emt 0:00:03]} c1=Q# {[%emt 0:00:02]} 0-1

[Event "DSJ Weihnachtsturnier U16: Lasker 2020"]
[Site ""]
[Date "2020.12.28"]
[Round "4"]
[White "Mukovskiy, Peter"]
[Black "Borghini, Antoine"]
[Result "1-0"]
[Termination "normal"]
[Board "8.3"]
[WhiteElo "1721"]
[BlackElo "1384"]
[WhiteTeam "Düsseldorfer Schachklub 14/25"]
[BlackTeam "Bielefelder Schachklub von 1883"]
[PlyCount "123"]
[WhiteFideId "16236998"]
[BlackFideId "34616144"]
[EventRounds "7"]
[EventType "team-swiss"]
[EventDate "2020.12.28"]

1. d4 {[%emt 0:00:02]} e6 {[%emt 0:00:14]} 2. c4 {[%emt 0:00:02]} Nf6 {[%emt
0:00:02]} 3. Nc3 {[%emt 0:00:06]} Bb4 {[%emt 0:00:02]} 4. Qc2 {[%emt 0:00:10]}
O-O {[%emt 0:00:04]} 5. e4 {[%emt 0:00:11]} h6 {[%emt 0:00:10]} 6. Nf3 { [%emt
0:00:16]} d6 {[%emt 0:00:06]} 7. Bd2 {[%emt 0:00:08]} c5 {[%emt 0:00:03]} 8. a3
{[%emt 0:00:29]} Bxc3 {[%emt 0:00:04]} 9. Bxc3 {[%emt 0:00:23]} cxd4 { [%emt
0:00:05]} 10. Nxd4 {[%emt 0:00:12]} e5 {[%emt 0:00:04]} 11. Nf5 {[%emt
0:00:17]} Nc6 {[%emt 0:00:12]} 12. Bd3 {[%emt 0:00:09]} Qc7 {[%emt 0:00:29]}
13. O-O {[%emt 0:00:09]} Bxf5 {[%emt 0:00:13]} 14. exf5 {[%emt 0:00:02]} Rfe8 {
[%emt 0:00:08]} 15. Rfe1 {[%emt 0:00:36]} b6 {[%emt 0:00:25]} 16. b4 {[%emt
0:00:49]} Ne7 {[%emt 0:00:23] Bielefd1-003 offers a draw} 17. Qe2 {[%emt
0:00:37] } Qd7 {[%emt 0:00:11]} 18. Qf3 {[%emt 0:00:26]} Rac8 {[%emt 0:00:18]}
19. Rad1 {[%emt 0:00:42]} b5 {[%emt 0:00:09]} 20. c5 {[%emt 0:00:10]} Ned5
{[%emt 0:00:22]} 21. Bb1 {[%emt 0:00:31]} Nxc3 {[%emt 0:00:47]} 22. Qxc3 {[%emt
0:00:02]} Red8 {[%emt 0:00:06]} 23. Qe3 {[%emt 0:00:42]} Qe7 {[%emt 0:00:07]}
24. cxd6 { [%emt 0:00:55]} Rxd6 {[%emt 0:00:10]} 25. Bd3 {[%emt 0:01:10]} e4
{[%emt 0:00:18]} 26. Bxb5 {[%emt 0:00:05]} Rxd1 {[%emt 0:00:05]} 27. Rxd1
{[%emt 0:00:02]} Kh7 {[%emt 0:00:23]} 28. h3 {[%emt 0:00:06]} Rd8 {[%emt
0:00:15]} 29. Rc1 { [%emt 0:00:19]} Qe5 {[%emt 0:00:21]} 30. Be2 {[%emt
0:00:10]} Nd5 {[%emt 0:00:08]} 31. Qd2 {[%emt 0:00:10]} Rd6 {[%emt 0:01:26]}
32. Rc5 {[%emt 0:00:17]} Nf4 {[%emt 0:00:07]} 33. Qc2 {[%emt 0:00:16]} Nxe2+
{[%emt 0:00:04]} 34. Qxe2 { [%emt 0:00:01]} Qe7 {[%emt 0:00:04]} 35. Qc4 {[%emt
0:00:04]} Rd1+ {[%emt 0:00:11]} 36. Kh2 {[%emt 0:00:01]} Qd6+ {[%emt 0:00:02]}
37. g3 {[%emt 0:00:02]} Rd4 {[%emt 0:00:07]} 38. Qc3 {[%emt 0:00:03]} e3 {[%emt
0:00:08]} 39. Qxe3 { [%emt 0:00:02]} Rd1 {[%emt 0:00:12]} 40. Qe4 {[%emt
0:00:07]} f6 {[%emt 0:00:14]} 41. Rc6 {[%emt 0:00:02]} Qd7 {[%emt 0:00:08]} 42.
Rc2 {[%emt 0:00:06]} Qd5 {[%emt 0:00:05]} 43. Qxd5 {[%emt 0:00:03]} Rxd5 {[%emt
0:00:02]} 44. Rc7 { [%emt 0:00:01]} Rd2 {[%emt 0:00:06]} 45. Kg2 {[%emt
0:00:04]} Ra2 {[%emt 0:00:02]} 46. Rxa7 {[%emt 0:00:01]} Rd2 {[%emt 0:00:04]}
47. b5 {[%emt 0:00:01]} Rb2 {[%emt 0:00:02]} 48. a4 {[%emt 0:00:02]} Rb4 {[%emt
0:00:02]} 49. Ra6 {[%emt 0:00:02]} Kh8 {[%emt 0:00:03]} 50. b6 {[%emt 0:00:01]}
Kg8 {[%emt 0:00:02]} 51. Ra8+ {[%emt 0:00:01]} Kh7 {[%emt 0:00:02]} 52. a5
{[%emt 0:00:04]} Rb5 { [%emt 0:00:03]} 53. Ra7 {[%emt 0:00:05]} h5 {[%emt
0:00:05]} 54. b7 {[%emt 0:00:03]} Rxb7 {[%emt 0:00:03]} 55. Rxb7 {[%emt
0:00:01]} Kh6 {[%emt 0:00:01]} 56. a6 {[%emt 0:00:01]} Kg5 {[%emt 0:00:02]} 57.
h4+ {[%emt 0:00:01]} Kxf5 { [%emt 0:00:02]} 58. a7 {[%emt 0:00:02]} Kg6 {[%emt
0:00:04]} 59. a8=Q {[%emt 0:00:02]} Kh7 {[%emt 0:00:03]} 60. Qa2 {[%emt
0:00:03]} Kg6 {[%emt 0:00:03]} 61. Qf7+ {[%emt 0:00:01]} Kh7 {[%emt 0:00:02]}
62. Qxg7# {[%emt 0:00:01]} 1-0

[Event "DSJ Weihnachtsturnier U16: Lasker 2020"]
[Site ""]
[Date "2020.12.28"]
[Round "4"]
[White "Vervay, Leon"]
[Black "Krstovic, Marko"]
[Result "0-1"]
[Termination "normal"]
[Board "8.4"]
[WhiteElo "1004"]
[BlackElo "1455"]
[WhiteTeam "Bielefelder Schachklub von 1883"]
[BlackTeam "Düsseldorfer Schachklub 14/25"]
[PlyCount "134"]
[BlackFideId "16278003"]
[EventRounds "7"]
[EventType "team-swiss"]
[EventDate "2020.12.28"]

1. e4 {[%emt 0:00:05]} e5 {[%emt 0:00:02]} 2. Nf3 {[%emt 0:00:02]} Nf6 { [%emt
0:00:01]} 3. Nc3 {[%emt 0:00:02]} Nc6 {[%emt 0:00:02]} 4. d4 {[%emt 0:00:16]}
exd4 {[%emt 0:00:05]} 5. Nxd4 {[%emt 0:00:05]} g6 {[%emt 0:00:02]} 6. Bg5
{[%emt 0:00:06]} Bg7 {[%emt 0:00:02]} 7. Bc4 {[%emt 0:00:06]} O-O {[%emt
0:00:02]} 8. O-O {[%emt 0:00:05]} d6 {[%emt 0:00:01]} 9. f4 {[%emt 0:00:35]}
Bg4 { [%emt 0:00:09]} 10. Qd2 {[%emt 0:00:11]} h6 {[%emt 0:00:15]} 11. Bh4
{[%emt 0:00:23]} Re8 {[%emt 0:00:12]} 12. Rae1 {[%emt 0:00:22]} Nxd4 {[%emt
0:00:18]} 13. Qxd4 {[%emt 0:00:04]} Nd7 {[%emt 0:00:09]} 14. Qxg7+ {[%emt
0:00:05]} Kxg7 {[%emt 0:00:03]} 15. Bxd8 {[%emt 0:00:02]} Raxd8 {[%emt
0:00:01]} 16. h3 { [%emt 0:00:10]} Be6 {[%emt 0:00:03]} 17. Bxe6 {[%emt
0:00:18]} Rxe6 {[%emt 0:00:03]} 18. g4 {[%emt 0:00:15]} g5 {[%emt 0:00:25]} 19.
f5 {[%emt 0:00:07]} Re5 {[%emt 0:00:06]} 20. Kg2 {[%emt 0:00:11]} f6 {[%emt
0:00:05]} 21. Kg3 {[%emt 0:00:07]} Rde8 {[%emt 0:00:29]} 22. Re2 {[%emt
0:00:21]} Nc5 {[%emt 0:00:05]} 23. Rfe1 {[%emt 0:00:01]} c6 {[%emt 0:00:04]}
24. h4 {[%emt 0:00:02]} d5 {[%emt 0:00:08]} 25. exd5 {[%emt 0:00:31]} Rxe2
{[%emt 0:00:02]} 26. Rxe2 {[%emt 0:00:05]} Rxe2 {[%emt 0:00:07]} 27. Nxe2
{[%emt 0:00:01]} Ne4+ {[%emt 0:00:05]} 28. Kh3 {[%emt 0:00:08]} cxd5 {[%emt
0:00:04]} 29. hxg5 {[%emt 0:00:05]} hxg5 { [%emt 0:00:03]} 30. c3 {[%emt
0:00:06]} Kf7 {[%emt 0:00:04]} 31. Kg2 {[%emt 0:00:03]} Ke7 {[%emt 0:00:01]}
32. Kf3 {[%emt 0:00:01]} Kd6 {[%emt 0:00:04]} 33. c4 {[%emt 0:00:04]} Nd2+
{[%emt 0:00:03]} 34. Ke3 {[%emt 0:00:04]} Nxc4+ { [%emt 0:00:01]} 35. Kd3
{[%emt 0:00:01]} Nxb2+ {[%emt 0:00:01]} 36. Kc3 { [%emt 0:00:03]} Nc4 {[%emt
0:00:01]} 37. Nd4 {[%emt 0:00:10]} Ne5 {[%emt 0:00:05]} 38. Nb5+ {[%emt
0:00:05]} Kc5 {[%emt 0:00:07]} 39. Nxa7 {[%emt 0:00:04]} Nxg4 {[%emt 0:00:03]}
40. Nc8 {[%emt 0:00:03]} Ne3 {[%emt 0:00:01]} 41. Ne7 { [%emt 0:00:05]} g4
{[%emt 0:00:04]} 42. Kd3 {[%emt 0:00:07]} d4 {[%emt 0:00:06] } 43. Ng6 {[%emt
0:00:14]} Nxf5 {[%emt 0:00:07]} 44. Nf8 {[%emt 0:00:04]} g3 { [%emt 0:00:05]}
45. Ne6+ {[%emt 0:00:02]} Kd5 {[%emt 0:00:02]} 46. Nf4+ { [%emt 0:00:04]} Kd6
{[%emt 0:00:03]} 47. Ke4 {[%emt 0:00:06]} Nh4 {[%emt 0:00:14]} 48. Kxd4 {[%emt
0:00:04]} g2 {[%emt 0:00:04]} 49. Ne2 {[%emt 0:00:10]} Nf3+ {[%emt 0:00:01]}
50. Ke3 {[%emt 0:00:03]} g1=Q+ {[%emt 0:00:02]} 51. Nxg1 {[%emt 0:00:02]} Nxg1
{[%emt 0:00:01]} 52. Kf2 {[%emt 0:00:01]} Nh3+ {[%emt 0:00:01]} 53. Kg3 {[%emt
0:00:01]} Ng5 {[%emt 0:00:01]} 54. Kf4 {[%emt 0:00:01]} Nh7 {[%emt 0:00:03]}
55. Kf5 {[%emt 0:00:01]} Kc5 {[%emt 0:00:01]} 56. Kg6 { [%emt 0:00:04]} Kb4
{[%emt 0:00:01]} 57. Kxh7 {[%emt 0:00:02]} f5 {[%emt 0:00:01]} 58. Kg6 {[%emt
0:00:01]} f4 {[%emt 0:00:00]} 59. Kg5 {[%emt 0:00:01]} f3 { [%emt 0:00:00]} 60.
Kg4 {[%emt 0:00:02]} f2 {[%emt 0:00:00]} 61. Kg3 {[%emt 0:00:01]} f1=Q {[%emt
0:00:01]} 62. Kh4 {[%emt 0:00:02]} Qg2 {[%emt 0:00:02]} 63. Kh5 {[%emt
0:00:01]} Kc4 {[%emt 0:00:01]} 64. Kh4 {[%emt 0:00:02]} Kd4 { [%emt 0:00:00]}
65. Kh5 {[%emt 0:00:01]} Ke5 {[%emt 0:00:00]} 66. Kh4 {[%emt 0:00:01]} Kf5
{[%emt 0:00:02]} 67. Kh5 {[%emt 0:00:02]} Qg5# {[%emt 0:00:01]} 0-1

[Event "DSJ Weihnachtsturnier U16: Lasker 2020"]
[Site ""]
[Date "2020.12.28"]
[Round "4"]
[White "Falke, Philipp"]
[Black "Hetzner, Hannes"]
[Result "0-1"]
[Termination "normal"]
[Board "9.1"]
[WhiteElo "1334"]
[BlackElo "1983"]
[WhiteTeam "Post SV Uelzen"]
[BlackTeam "SC Erlangen 48/88"]
[PlyCount "92"]
[WhiteFideId "16294696"]
[BlackFideId "16211936"]
[EventRounds "7"]
[EventType "team-swiss"]
[EventDate "2020.12.28"]

1. e4 {[%emt 0:00:09]} e6 {[%emt 0:00:42]} 2. d4 {[%emt 0:00:04]} d5 {[%emt
0:00:15]} 3. e5 {[%emt 0:00:02]} c5 {[%emt 0:00:01]} 4. c3 {[%emt 0:00:02]} Nc6
{ [%emt 0:00:02]} 5. Nf3 {[%emt 0:00:02]} Bd7 {[%emt 0:00:02]} 6. a3 {[%emt
0:00:05]} c4 {[%emt 0:00:05]} 7. Nbd2 {[%emt 0:00:21]} Na5 {[%emt 0:00:11]} 8.
Be2 { [%emt 0:00:09]} Ne7 {[%emt 0:00:05]} 9. Nf1 {[%emt 0:00:25]} Nb3 {[%emt
0:00:14]} 10. Rb1 {[%emt 0:00:03]} Ba4 {[%emt 0:00:27]} 11. N1d2 {[%emt
0:00:28]} Qd7 {[%emt 0:00:12]} 12. Nxb3 {[%emt 0:00:21]} Bxb3 {[%emt 0:00:03]}
13. Qd2 { [%emt 0:00:06]} Nc6 {[%emt 0:00:16]} 14. O-O {[%emt 0:00:07]} h6
{[%emt 0:00:14]} 15. Qf4 {[%emt 0:00:12]} Bc2 {[%emt 0:00:11]} 16. Ra1 {[%emt
0:00:08]} Na5 {[%emt 0:00:12]} 17. Bd1 {[%emt 0:00:33]} Bxd1 {[%emt 0:00:21]}
18. Rxd1 { [%emt 0:00:13]} Nb3 {[%emt 0:00:04]} 19. Rb1 {[%emt 0:00:07]} Be7
{[%emt 0:00:06]} 20. Qg3 {[%emt 0:00:05]} g6 {[%emt 0:00:40]} 21. h3 {[%emt
0:00:16]} a5 { [%emt 0:00:05]} 22. Nh2 {[%emt 0:00:20] Erlang3-001
reconnected.} O-O-O { [%emt 0:01:07]} 23. Ng4 {[%emt 0:00:11] Erlang3-001
reconnected.} Nxc1 { [%emt 0:00:39]} 24. Rdxc1 {[%emt 0:00:10]} h5 {[%emt
0:00:36]} 25. Ne3 { [%emt 0:00:21]} Kb8 {[%emt 0:00:10]} 26. b4 {[%emt
0:00:29]} a4 {[%emt 0:01:10] } 27. Rb2 {[%emt 0:00:15]} Rdg8 {[%emt 0:00:24]}
28. Qf3 {[%emt 0:00:14]} Rg7 { [%emt 0:00:13]} 29. Nf1 {[%emt 0:01:17]} g5
{[%emt 0:00:07]} 30. Ng3 {[%emt 0:00:22]} g4 {[%emt 0:00:14]} 31. hxg4 {[%emt
0:00:04]} hxg4 {[%emt 0:00:03]} 32. Qe2 {[%emt 0:00:07]} Bg5 {[%emt 0:00:15]}
33. Rcb1 {[%emt 0:00:06]} b5 { [%emt 0:00:02]} 34. Kf1 {[%emt 0:00:43]} Bf4
{[%emt 0:00:07]} 35. Ke1 {[%emt 0:00:12]} Qe7 {[%emt 0:00:11]} 36. Kd1 {[%emt
0:00:18]} Qh4 {[%emt 0:00:02]} 37. Nf1 {[%emt 0:00:15]} Qh1 {[%emt 0:00:03]}
38. g3 {[%emt 0:00:08]} Bg5 {[%emt 0:00:07]} 39. Kc2 {[%emt 0:00:10]} Qg2
{[%emt 0:00:06]} 40. Ne3 {[%emt 0:00:16]} Bxe3 {[%emt 0:00:08]} 41. Qxe3 {[%emt
0:00:03]} Rh2 {[%emt 0:00:01]} 42. Kd1 { [%emt 0:00:51]} Qf1+ {[%emt 0:00:06]}
43. Qe1 {[%emt 0:00:04]} Qd3+ {[%emt 0:00:06]} 44. Rd2 {[%emt 0:00:17]} Qxb1+
{[%emt 0:00:03]} 45. Ke2 {[%emt 0:00:02] } Qe4+ {[%emt 0:00:05]} 46. Kd1 {[%emt
0:00:03]} Rh1 {[%emt 0:00:02]} 0-1

[Event "DSJ Weihnachtsturnier U16: Lasker 2020"]
[Site ""]
[Date "2020.12.28"]
[Round "4"]
[White "Schulze, Max Peter"]
[Black "Isbilir, Levin"]
[Result "1/2-1/2"]
[Termination "normal"]
[Board "9.3"]
[WhiteElo "1125"]
[BlackElo "1325"]
[WhiteTeam "Post SV Uelzen"]
[BlackTeam "SC Erlangen 48/88"]
[PlyCount "164"]
[WhiteFideId "16272200"]
[BlackFideId "16267192"]
[EventRounds "7"]
[EventType "team-swiss"]
[EventDate "2020.12.28"]

1. e4 {[%emt 0:00:04]} c5 {[%emt 0:00:05]} 2. d4 {[%emt 0:00:15]} cxd4 { [%emt
0:00:04]} 3. Qxd4 {[%emt 0:00:03]} Nc6 {[%emt 0:00:03]} 4. Qd1 {[%emt 0:00:04]}
Nf6 {[%emt 0:00:03]} 5. Nc3 {[%emt 0:00:02]} g6 {[%emt 0:00:07]} 6. Nf3 {[%emt
0:00:14]} d6 {[%emt 0:00:31]} 7. Be2 {[%emt 0:00:11]} Bg7 {[%emt 0:00:24]} 8.
O-O {[%emt 0:00:01]} O-O {[%emt 0:00:02]} 9. h3 {[%emt 0:00:05]} Be6 { [%emt
0:00:33]} 10. Be3 {[%emt 0:00:04]} d5 {[%emt 0:00:10]} 11. exd5 {[%emt
0:01:10]} Nxd5 {[%emt 0:00:06]} 12. Nxd5 {[%emt 0:00:03]} Bxd5 {[%emt 0:00:27]}
13. c3 {[%emt 0:00:04]} Ne5 {[%emt 0:00:30]} 14. Nxe5 {[%emt 0:00:08]} Bxe5 {
[%emt 0:00:03]} 15. Qa4 {[%emt 0:00:15]} Bc6 {[%emt 0:00:15]} 16. Qc2 {[%emt
0:00:34]} Qc7 {[%emt 0:00:47]} 17. Rfd1 {[%emt 0:00:05]} Rfd8 {[%emt 0:00:10]}
18. Rxd8+ {[%emt 0:00:03]} Rxd8 {[%emt 0:00:04]} 19. Rd1 {[%emt 0:00:01]} Rxd1+
{[%emt 0:00:13]} 20. Qxd1 {[%emt 0:00:03]} a6 {[%emt 0:00:02]} 21. Bf3 { [%emt
0:00:26]} Qd6 {[%emt 0:00:32]} 22. Qxd6 {[%emt 0:00:11]} Bxd6 {[%emt 0:00:02]}
23. Bxc6 {[%emt 0:00:04]} bxc6 {[%emt 0:00:00]} 24. Kf1 {[%emt 0:00:14] } e6
{[%emt 0:00:04]} 25. Ke2 {[%emt 0:00:03]} Kg7 {[%emt 0:00:01]} 26. Kd3 { [%emt
0:00:05]} Kf6 {[%emt 0:00:01]} 27. Kc4 {[%emt 0:00:04]} Kf5 {[%emt 0:00:08]}
28. Bc5 {[%emt 0:00:09]} Bc7 {[%emt 0:00:23]} 29. a4 {[%emt 0:00:16]} e5 {
[%emt 0:00:46]} 30. b4 {[%emt 0:00:09]} Ke6 {[%emt 0:00:12]} 31. b5 {[%emt
0:00:10]} axb5+ {[%emt 0:00:45]} 32. axb5 {[%emt 0:00:03]} Kd7 {[%emt 0:01:19]}
33. b6 {[%emt 0:00:21]} Bd8 {[%emt 0:00:15]} 34. f3 {[%emt 0:00:13]} Kc8 {
[%emt 0:00:04]} 35. Kb4 {[%emt 0:01:04]} Kb7 {[%emt 0:00:20]} 36. Ka5 {[%emt
0:00:02]} f5 {[%emt 0:00:04]} 37. c4 {[%emt 0:00:06]} Bg5 {[%emt 0:00:28]} 38.
Bb4 {[%emt 0:00:10]} e4 {[%emt 0:00:13]} 39. fxe4 {[%emt 0:00:03]} fxe4 { [%emt
0:00:01]} 40. c5 {[%emt 0:00:07]} Bc1 {[%emt 0:00:08]} 41. Ka4 {[%emt 0:00:15]}
e3 {[%emt 0:00:30]} 42. Kb3 {[%emt 0:01:29]} e2 {[%emt 0:00:09]} 43. Kc2 {[%emt
0:00:09]} Be3 {[%emt 0:00:09]} 44. Kd3 {[%emt 0:01:21]} Bxc5 { [%emt 0:00:04]}
45. Be1 {[%emt 0:00:03]} Bxb6 {[%emt 0:00:06]} 46. Kxe2 { [%emt 0:00:02]} Bd4
{[%emt 0:00:02]} 47. Kf3 {[%emt 0:00:04]} c5 {[%emt 0:00:01]} 48. Ke4 {[%emt
0:00:03]} Kc6 {[%emt 0:00:01]} 49. Kd3 {[%emt 0:00:04]} Bg1 {[%emt 0:00:04]}
50. g4 {[%emt 0:00:05]} Bd4 {[%emt 0:00:02]} 51. h4 {[%emt 0:00:03]} Kd5 {[%emt
0:00:01]} 52. h5 {[%emt 0:00:02]} gxh5 {[%emt 0:00:02]} 53. gxh5 {[%emt
0:00:01]} Ke6 {[%emt 0:00:02]} 54. Bd2 {[%emt 0:00:07]} Kf5 { [%emt 0:00:04]}
55. Kc4 {[%emt 0:00:07]} Kg4 {[%emt 0:00:03]} 56. h6 {[%emt 0:00:03]} Kh5
{[%emt 0:00:02]} 57. Kd5 {[%emt 0:00:06]} Bf2 {[%emt 0:00:03]} 58. Kc4 {[%emt
0:00:04]} Kg6 {[%emt 0:00:01]} 59. Kd5 {[%emt 0:00:01]} Kf5 { [%emt 0:00:02]}
60. Kc4 {[%emt 0:00:01]} Ke4 {[%emt 0:00:01]} 61. Kc3 {[%emt 0:00:04]} Kd5
{[%emt 0:00:02]} 62. Kd3 {[%emt 0:00:03]} c4+ {[%emt 0:00:02]} 63. Kc3 {[%emt
0:00:04]} Bd4+ {[%emt 0:00:02]} 64. Kc2 {[%emt 0:00:02]} Kc5 { [%emt 0:00:02]}
65. Bg5 {[%emt 0:00:03]} c3 {[%emt 0:00:03]} 66. Be7+ {[%emt 0:00:06]} Kc4
{[%emt 0:00:01]} 67. Bf8 {[%emt 0:00:01]} Bc5 {[%emt 0:00:02]} 68. Bg7 {[%emt
0:00:01]} Bb4 {[%emt 0:00:02]} 69. Bxc3 {[%emt 0:00:06]} Bxc3 { [%emt 0:00:01]}
70. Kd1 {[%emt 0:00:02]} Bf6 {[%emt 0:00:03]} 71. Ke1 {[%emt 0:00:01]} Kd4
{[%emt 0:00:02]} 72. Kf1 {[%emt 0:00:00]} Ke4 {[%emt 0:00:01]} 73. Kg1 {[%emt
0:00:01]} Kf4 {[%emt 0:00:01]} 74. Kh1 {[%emt 0:00:01]} Bg5 { [%emt 0:00:01]}
75. Kh2 {[%emt 0:00:02]} Bxh6 {[%emt 0:00:01]} 76. Kh1 { [%emt 0:00:00]} Bg5
{[%emt 0:00:01]} 77. Kh2 {[%emt 0:00:01]} h5 {[%emt 0:00:01]} 78. Kh1 {[%emt
0:00:01]} Be7 {[%emt 0:00:01]} 79. Kh2 {[%emt 0:00:01]} Bd6 {[%emt 0:00:01]}
80. Kh1 {[%emt 0:00:01]} h4 {[%emt 0:00:01]} 81. Kh2 {[%emt 0:00:01]} Kf3+
{[%emt 0:00:01]} 82. Kh1 {[%emt 0:00:00]} Kf2 {[%emt 0:00:01]} 1/2-1/2

[Event "DSJ Weihnachtsturnier U16: Lasker 2020"]
[Site ""]
[Date "2020.12.28"]
[Round "4"]
[White "Wu, Wilfried"]
[Black "Abu Laila, Faris"]
[Result "0-1"]
[Termination "normal"]
[Board "9.4"]
[WhiteElo "1461"]
[BlackElo "1001"]
[WhiteTeam "SC Erlangen 48/88"]
[BlackTeam "Post SV Uelzen"]
[PlyCount "51"]
[WhiteFideId "16260775"]
[BlackFideId "34641424"]
[EventRounds "7"]
[EventType "team-swiss"]
[EventDate "2020.12.28"]

1. e4 {[%emt 0:00:03]} e5 {[%emt 0:00:04]} 2. Nf3 {[%emt 0:00:04]} Nc6 { [%emt
0:00:03]} 3. Bc4 {[%emt 0:00:02]} Bc5 {[%emt 0:00:44]} 4. d3 {[%emt 0:00:04]}
Nf6 {[%emt 0:00:13]} 5. Nc3 {[%emt 0:00:04]} d6 {[%emt 0:00:08]} 6. h3 { [%emt
0:00:04]} O-O {[%emt 0:00:31]} 7. Bg5 {[%emt 0:00:25]} h6 {[%emt 0:00:24] } 8.
Bh4 {[%emt 0:00:03]} Nd4 {[%emt 0:00:58]} 9. Nd5 {[%emt 0:00:29]} g5 { [%emt
0:00:19]} 10. Nxg5 {[%emt 0:01:30]} Nxd5 {[%emt 0:00:27]} 11. Nf3 { [%emt
0:00:30]} Nxf3+ {[%emt 0:00:13]} 12. Qxf3 {[%emt 0:00:04]} Qxh4 {[%emt
0:00:05]} 13. Bxd5 {[%emt 0:00:05]} c6 {[%emt 0:00:11]} 14. Bb3 {[%emt
0:00:04]} a5 {[%emt 0:00:12]} 15. a3 {[%emt 0:00:19]} Be6 {[%emt 0:00:14]} 16.
g3 { [%emt 0:00:15]} Qg5 {[%emt 0:00:13]} 17. Qe2 {[%emt 0:00:36]} Bxb3 {[%emt
0:00:04]} 18. cxb3 {[%emt 0:00:07]} f5 {[%emt 0:00:09]} 19. Rf1 {[%emt
0:00:12]} fxe4 {[%emt 0:00:09]} 20. Qxe4 {[%emt 0:00:09]} d5 {[%emt 0:00:09]}
21. Qe2 { [%emt 0:00:11]} Bd4 {[%emt 0:00:03]} 22. Rc1 {[%emt 0:00:09]} Qxc1+
{[%emt 0:00:10]} 23. Qd1 {[%emt 0:00:04]} Qxb2 {[%emt 0:00:07]} 24. Qg4+ {[%emt
0:00:04] } Kh8 {[%emt 0:00:13]} 25. Qh5 {[%emt 0:00:18]} Bc3+ {[%emt 0:00:11]}
26. Kd1 { [%emt 0:00:06]} 0-1